| 000 | 00468cam a2200157ua 4500 | ||
|---|---|---|---|
| 041 |
_aeng _h |
||
| 082 |
_a631.56 385 _bSRI/CO |
||
| 100 | _aSrivastava, P K . | ||
| 245 |
_aCompendium of technologies for oil seed processing and utilization / _cP K Srivastava. _hTextual Documents |
||
| 260 |
_aBhopal : _bCentral Institute of Agricultural Engineering , _c1995. |
||
| 300 | _a143 ; . | ||
| 504 | _a | ||
| 700 | 1 | _aKachru, R P . | |
| 942 | _cBK | ||
| 999 |
_c9657 _d9657 |
||